|
|
|
|
| LEADER |
00000naa2a2200000 4500 |
| 001 |
395001 |
| 005 |
20231101064550.0 |
| 035 |
|
|
|a (RuTPU)RU\TPU\prd\32076
|
| 090 |
|
|
|a 395001
|
| 100 |
|
|
|a 20050126a2004 k y0rusy50 ca
|
| 101 |
0 |
|
|a rus
|
| 102 |
|
|
|a RU
|
| 200 |
1 |
|
|a Гидравлика и гидропривод (конспект лекций)
|f Д. В. Гроховский
|
| 225 |
1 |
|
|a Сегодня - студент. завтра - инженер
|
| 311 |
|
|
|a Продолжение. Начало см. в предыдущих номерах журнала.
|
| 461 |
|
1 |
|0 (RuTPU)RU\TPU\prd\1723
|x 0203-347X
|t Справочник. Инженерный журнал
|o научно-технический и производственный журнал
|d 2000-
|
| 463 |
|
1 |
|0 (RuTPU)RU\TPU\prd\26612
|t № 5
|v С. 47-50
|d 2004
|
| 610 |
1 |
|
|a объемные гидроприводы
|
| 610 |
1 |
|
|a гидравлика
|
| 610 |
1 |
|
|a понятия
|
| 610 |
1 |
|
|a назначение
|
| 610 |
1 |
|
|a классификация
|
| 610 |
1 |
|
|a гидроаппаратура
|
| 610 |
1 |
|
|a дроссели
|
| 610 |
1 |
|
|a клапаны
|
| 610 |
1 |
|
|a гидрораспределители
|
| 675 |
|
|
|a 531(071.2)
|v 3
|
| 700 |
|
1 |
|a Гроховский
|b Д. В.
|
| 801 |
|
1 |
|a RU
|b 63413507
|c 20050126
|g PSBO
|
| 801 |
|
2 |
|a RU
|b 63413507
|c 20140116
|g PSBO
|
| 942 |
|
|
|c BK
|